| 000 | 00502nam a22001577a 4500 | ||
|---|---|---|---|
| 003 | macl | ||
| 005 | 20200119130312.0 | ||
| 008 | 200119b xxu||||| |||| 00| 0 eng d | ||
| 040 | _cmacl | ||
| 082 | _a796 | ||
| 100 |
_aश्रीवास्तव ,सुरेंद्र _977736 |
||
| 245 | _aक्रिकट खेल और नियम | ||
| 260 |
_aदिल्ली _bएस के. इंटरप्राइजेज _c2018 |
||
| 650 |
_aखेल _953082 |
||
| 942 |
_2ddc _cHIN |
||
| 999 |
_c61848 _d61848 |
||